书目信息 |
| 题名: |
唐山大地震
|
|
| 作者: | 钱钢 著 | |
| 分册: | ||
| 出版信息: | 北京 当代中国出版社 2005 |
|
| 页数: | 237页 | |
| 开本: | 24cm | |
| 丛书名: | ||
| 单 册: | ||
| 中图分类: | I253.9 | |
| 科图分类: | ||
| 主题词: | 报告文学--中国--现代 , 地震--唐山市--1976--史料 , 报告文学 , 地震 | |
| 电子资源: | ||
| ISBN: | 7-80170-385-5 | |
| 000 | 00901nam0 2200253 450 | |
| 001 | 1570658482 | |
| 005 | 20150127193751.50 | |
| 010 | @a7-80170-385-5@dCNY28.00 | |
| 100 | @a20050119d2005 em y0chiy0110 ea | |
| 101 | 0 | @achi |
| 102 | @aCN@b110000 | |
| 105 | @aa z 000zd | |
| 200 | 1 | @a唐山大地震@9tang shan da di zhen@e三十周年纪念版@f钱钢著 |
| 210 | @a北京@c当代中国出版社@d2005 | |
| 215 | @a237页@c照片@d24cm | |
| 330 | @a本书记录了作者在唐山大地震十年的时间里不懈的追踪访谈,用真挚的感情和洗练的笔法,全景式的记录了当时人类面对自然灾害时的种种表现,追溯了地震前后扑朔迷离的事实与现象,反思了人类在现代化过程中究竟应该如何与自然相处的终极问题。 | |
| 606 | 0 | @a报告文学@y中国@z现代 |
| 606 | 0 | @a地震@y唐山市@z1976@j史料 |
| 606 | 0 | @a报告文学 |
| 606 | 0 | @a地震 |
| 690 | @aI253.9@v4 | |
| 701 | 0 | @a钱钢@9qian gang@f(1953~)@4著 |
| 801 | 0 | @aCN@bNLC@c20050809 |
| 905 | @aZUCC@dI253.9@eJY1 | |
| 唐山大地震:三十周年纪念版/钱钢著.-北京:当代中国出版社,2005 |
| 237页:照片;24cm |
| ISBN 7-80170-385-5:CNY28.00 |
| 本书记录了作者在唐山大地震十年的时间里不懈的追踪访谈,用真挚的感情和洗练的笔法,全景式的记录了当时人类面对自然灾害时的种种表现,追溯了地震前后扑朔迷离的事实与现象,反思了人类在现代化过程中究竟应该如何与自然相处的终极问题。 |
| ● |
| 相关链接 |
|
|
|
|
正题名:唐山大地震
索取号:I253.9/JY1
 
预约/预借
| 序号 | 登录号 | 条形码 | 馆藏地/架位号 | 状态 | 备注 |
| 1 | 7859193 | 278591935 | 学院路分馆/ [索取号:I253.9/JY1] | 在馆 |